| 000 | 00905 a2200193 4500 | ||
|---|---|---|---|
| 003 | Nust | ||
| 005 | 20170207153144.0 | ||
| 010 | _a 74023584 | ||
| 020 | _a0030892473 | ||
| 040 | _cNust | ||
| 082 | 0 | 0 | _a510 |
| 100 | 1 | _aNichols, Eugene Douglas, | |
| 245 | 1 | 0 |
_aCollege mathematics / _cEugene D. Nichols. |
| 260 |
_aSan Francisco : _bRinehart Press, _c[1974] c1975. |
||
| 300 |
_ax, 382 p. ; _c24 cm. |
||
| 505 | _aMathematics for Fun and Numeration Systems (Page-1) Sets (Page-25) Some Remarkable Features of Numbers (Page-48) Whole Numbers , Integers and Rationales (Page-87) Numbers as Exponents (Page-121) Real Numbers, Equations and Inequalities (Page-146) Geometry (Page-177) Finite Systems and Matrices (Page-203) Graphs, Functions and Linear Programming (Page-240) Logic (Page-276) Probability (Page-306) Statistics (Page-333) | ||
| 538 | _aAlmirah No 11and Shelf No 2 | ||
| 650 | 0 | _aMathematics. | |
| 942 |
_2ddc _cBK |
||
| 999 |
_c180232 _d180232 |
||